000 00593nam a2200241 a 4500
001 nice12345678
003 IN_TiNIC
005 20260116012633.0
008 050524s1997 luca grp 000 0 ara
020 _a
_c100
082 0 0 _a239
_bABD5
100 _aAbdul Hai, Mohammad
245 _aAl-Rashidiyya Sharah-Ul-Risalatil Sharifiyya
260 _aLucknow
_bYusufi Press
_c1997
300 _a64p
500 _aincludes index and biblioraphy
505 2 _aManuscript.
650 _aApologetics
700 1 _aAbdul Hai, Mohammad
902 _bSRS
942 _cBK
999 _c7752
_d7752